|
|
|
|
| LEADER |
00000nam#a22000001a#4500 |
| 001 |
00016518 |
| 003 |
AR-BaUAD |
| 005 |
20230908141623.0 |
| 008 |
951218s1942####xxua|||##||||||||#||eng|d |
| 040 |
|
|
|a AR-BaUAD
|b spa
|c AR-BaUAD
|
| 041 |
|
|
|a eng
|
| 044 |
|
|
|c us
|2 ISO3166-1
|
| 100 |
1 |
|
|a Tubbs, Eston V.
|
| 245 |
1 |
0 |
|a Living together :
|b in large cities
|
| 260 |
|
|
|a Philadelphia :
|b F. A. Davis,
|c 1942
|
| 300 |
|
|
|a x, 325 p. :
|b il.
|
| 653 |
|
|
|a CIUDADES
|
| 653 |
|
|
|a URBANISMO
|
| 653 |
|
|
|a TEORIA
|
| 655 |
|
|
|a TEXTO
|
| 852 |
|
|
|c 108-4
|
| 952 |
|
|
|0 0
|1 0
|4 0
|6 1084
|7 0
|9 30015
|a AR-BaUAD
|b AR-BaUAD
|d 0000-00-00
|e donac. Migone
|g 40000.00
|i 16518
|l 0
|o 108-4
|p 0ap5n16518
|r 2023-09-08 14:16:23
|w 2023-09-08
|y BK
|
| 990 |
|
|
|a Ej. No1 : 16518 . 23/6/1982 -- donac. Migone -- (40000 pesos).
|b ADM
|
| 990 |
|
|
|a U194
|b TD
|
| 990 |
|
|
|a AAQ00016518
|b CC
|
| 998 |
|
|
|a AAQ
|b Bibun 76
|
| 942 |
|
|
|c BK
|
| 999 |
|
|
|c 13906
|d 13906
|